Pemikiran kesuluruhan otak : dalam pengurusan pendidikan dan kaitannya dengan kecerdasan emosi (emotional intelligence/EQ)

Bibliographic Details
Main Author: Abdul Fatah Hassan, Haji
Corporate Author: Title
Format: Book
Published: Kuala Lumpur : Utusan Publications & Distributors , 2001
Series:Siri pemikiran utusan
Subjects:

MARC

LEADER 00000cam a2200000 7i4500
001 0000012082
005 20180528.0
008 071127
020 |a 9676108839 
020 |a 9789676108838 
090 0 0 |a 152.4   |b ABD 
100 0 |a Abdul Fatah Hassan, Haji 
245 1 0 |a Pemikiran kesuluruhan otak :   |b dalam pengurusan pendidikan dan kaitannya dengan kecerdasan emosi (emotional intelligence/EQ)   |c Haji Abdul Fatah Hassan 
260 |a Kuala Lumpur :   |b Utusan Publications & Distributors ,   |c 2001 
440 |a Siri pemikiran utusan 
650 0 |a Brain 
650 0 |a Malay fiction 
650 0 |a Mind and body 
650 0 |a Thought and thinking 
710 0 |a Title 
999 |a 0000797528   |b Book   |c Adult Collection   |e Cawangan Segamat 
999 |a 0000798539   |b Book   |c Adult Collection   |e Cawangan Pontian 
999 |a 0000816233   |b Book   |c Adult Collection   |e Cawangan Mersing 
999 |a 0000910728   |b Book   |c Adult Collection   |e Cawangan Bandar Tenggara 
999 |a 0001004644   |b Book   |c Adult Collection   |e Perbadanan Perpustakaan Awam Johor 
999 |a 0001004645   |b Book   |c Adult Collection   |e Perbadanan Perpustakaan Awam Johor